| 000 | 01078cam a2200253 a 4500 | ||
|---|---|---|---|
| 999 |
_c20571 _d20571 |
||
| 005 | 20190515142122.0 | ||
| 008 | 081002r20082007nyu | 00| 1 eng | ||
| 010 | _aB-277911-944 | ||
| 020 |
_a9788172237066 _c295.00 |
||
| 035 | _aB-277911-944,B-277936 | ||
| 037 | _aHarperCollins/1044/9.8.08/11.7.08 | ||
| 040 |
_adpl _bEnglish |
||
| 082 | _aS | ||
| 100 | _aJones, Nalini, | ||
| 245 |
_aWhat you call winter : _bstories / _cby Nalini Jones. |
||
| 260 |
_aNew Delhi _bHarper Collins _c2007 |
||
| 300 |
_a233p. _c20 cm (pbk) |
||
| 505 | _aIn the garden -- What you call winter -- The bold, the beautiful -- The crow and the monkey -- Half the story -- Home for a short time -- We think of you every day -- Carrying -- This is your home also. | ||
| 650 |
_aCatholics _zIndia _vFiction. |
||
| 650 |
_aIntergenerational relations _vFiction. |
||
| 651 |
_aIndia _vFiction. |
||
| 942 |
_2ddc _cEN _hS _mJON |
||